Clubs français de rugby - Logo - Statistiques

Statistiques générales
  • Ce quiz a été pris 236 fois
  • Le résultat moyen est 18 sur 20
Statistiques - réponses
Par images Réponse % Correct
Clermont
99%
Grenoble
99%
Stade Français
99%
Toulouse
99%
La Rochelle
98%
Vannes
98%
Brive
97%
Castres
97%
Lyon
97%
Toulon
97%
Pau
96%
Montpellier
95%
Bayonne
92%
Racing 92
89%
Béziers
88%
Biarritz
88%
Bordeaux-Bègles
83%
Oyonnax
79%
Agen
78%
Nevers
60%
Aucun quiz correspondant
Distribution des résultats
% des personnes avec chaque résultat
Percentile par nombre de réponses
Votre historique - résultats
Vous n’avez pas pris ce quiz